| 000 | 00443nam a2200181Ia 4500 | ||
|---|---|---|---|
| 005 | 20240823014148.0 | ||
| 008 | 240823s9999||||xx |||||||||||||| ||und|| | ||
| 041 | _aENGLISH | ||
| 082 | _A625.723 P4 | ||
| 100 | _aAgor R | ||
| 245 | 2 | _aA Text Book of Surveying and Levelling | |
| 250 | _a9th | ||
| 260 |
_c2004 _b"Khanna Publishders," _aNew Delhi |
||
| 500 | _aTRANSFERED | ||
| 650 |
_aSurveying _bCivil |
||
| 942 | _cBK | ||
| 999 |
_c169291 _d169291 |
||